01435nam a2200397 i 450000100060000000300080000600500170001400600190003100700150005000800410006502000270010603500230013303500240015603500250018003500210020504000310022605000230025708000080028008200150028824500770030326400400038030000530042033600310047333700330050433800430053750000230058050400290060358801270063265000290075965000330078865000460082165000560086765500270092370000250095085600620097520088FlNmELB20241216213822.0m o d | cr cnu||||||||151003s2006 ag ob 001 0 spa d a9781413564914 (e-book) a(MiAaPQ)EBC3167493 a(Au-PeEL)EBL3167493 a(CaPaEBR)ebr10117207 a(OCoLC)949149227 aFINmELBbspaerdacFINmELB 4aQA76.15bG563 2006 a0040 a004.0322300aGlosario de términos informáticos /cMiguel Sosa Flores [y otros 3]. 1a[Santa Fe] :bEl Cid Editor,c2006. a1 recurso en línea (102 páginas sin numerar) atextobtxt2rdacontent/spa acomputadorabc2rdamedia/spa arecurso en líneabcr2rdacarrier/spa aContiene índice. aContiene bibliografía. aDescripción basada en recurso en línea; Título de la página del título en PDF (e-libro, visto October 03, 2015). 0aComputersvDictionaries. 4aInformáticavDiccionarios. 0aElectronic data processingvDictionaries. 4aProcesamiento electrónico de datosvDiccionarios. 4aLibros electrónicos.1 aSosa Flores, Miguel.40uhttps://elibro.net/ereader/politecnicointernacional/35032